[Event "New In Chess - Preliminari"]
[Site "Internet"]
[Date "26.04.2021"]
[Round "14"]
[White "Jones,G"]
[Black "Vidit,S"]
[Result "*"]
[WhiteElo "2670"]
[BlackElo "2726"]
[EventDate "2021.04.24"]

1. e4 c5 2. Nf3 e6 3. Nc3 Nc6 4. Bb5 Nd4 5. O-O a6 6. Bd3 Nc6 7. b3 d5 8.
exd5 exd5 9. Re1+ Be7 10. Na4 Be6 11. Bb2 d4 12. Ba3 b6 13. Qe2 Nf6 14.
Bxa6 Qc7 15. c3 dxc3 16. dxc3 O-O 17. Bb2 Bd6 18. Bb5 Rfe8 19. c4 Bg4 20.
Qd3 Nb4 21. Qc3 Rxe1+ 22. Rxe1 Nxa2 23. Qe3 Bf4 24. Qe2 Nb4 25. Bxf6 gxf6
26. Qe4 Rd8 27. g3 f5 28. Qxf4 Qxf4 29. gxf4 Bxf3 30. Nxb6 Nd3 31. Re8+
Rxe8 32. Bxe8 Bd1 33. Ba4 Nxf4 34. Nd7 Nd3 35. Nf6+ Kg7 36. Nd5 f4 37. Kg2
Kg6 38. Nc3 Bc2 39. f3 Nc1 40. Kf2 Bxb3 41. Bxb3 Nxb3 42. Na4 Kf5 43. Ke2
Ke5 44. Kd3 Kd6 45. Nc3 f5 46. Ne2 Ke5 47. Kc3 Na5 48. Nc1 Nc6 49. Nb3 Kd6
50. Kc2 Ne5 51. Nd2 Kc6 52. Kc3 Kb6 53. Kc2 Ka5 54. Kb3 *